000
00303nam a2200109Ia 4500
008
190914s9999||||xx |||||||||||||| ||und||
100
_a
Mahbub ul Haq
245
0
_a
Human Development In South Asia 2002 Agriculture and Rural Development
260
_a
New York
_b
Addison
_c
1997
300
_a
350
942
_c
BK
999
_c
8971
_d
8971